یونانی دواسازی عملالادویہ / (Record no. 108478)

MARC details
000 -LEADER
fixed length control field 00952nam a22002657a 4500
005 - DATE AND TIME OF LATEST TRANSACTION
control field 20170123162340.0
010 ## - LIBRARY OF CONGRESS CONTROL NUMBER
LC control number A-949250
020 ## - INTERNATIONAL STANDARD BOOK NUMBER
Terms of availability 46.00
035 ## - SYSTEM CONTROL NUMBER
System control number A-949250
037 ## - SOURCE OF ACQUISITION
Source of stock number/acquisition Cen Lib/Ret
040 ## - CATALOGING SOURCE
Original cataloging agency DPL
Language of cataloging UR
082 ## - DEWEY DECIMAL CLASSIFICATION NUMBER
Classification number 615.54
Item number م ح م
100 ## - MAIN ENTRY--PERSONAL NAME
Personal name محمّد مستان علی
9 (RLIN) 126934
245 ## - TITLE STATEMENT
Title یونانی دواسازی عملالادویہ /
Remainder of title محمّد مستان علی
246 ## - VARYING FORM OF TITLE
Title proper/short title Unani dawa sazi ilmul adviya /
Remainder of title by Mohammad Mastan Ali
260 ## - PUBLICATION, DISTRIBUTION, ETC. (IMPRINT)
Place of publication, distribution, etc نیی دہلی
Name of publisher, distributor, etc قومی کونسل برائی فروغ اردو زبان
Date of publication, distribution, etc 1997
270 ## - ADDRESS
City نیی دہلی
Address ویسٹ بولکک ١، ار.کے. پرم
Postal code 110066
300 ## - PHYSICAL DESCRIPTION
Extent 236p.
Dimensions 21cm(Hb)
500 ## - GENERAL NOTE
General note اشاریہ
650 ## - SUBJECT ADDED ENTRY--TOPICAL TERM
Topical term or geographic name as entry element میڈیکل سائنس
9 (RLIN) 646
650 ## - SUBJECT ADDED ENTRY--TOPICAL TERM
Topical term or geographic name as entry element یونانی علاج
9 (RLIN) 109143
650 ## - SUBJECT ADDED ENTRY--TOPICAL TERM
Topical term or geographic name as entry element Medical science
9 (RLIN) 126935
650 ## - SUBJECT ADDED ENTRY--TOPICAL TERM
Topical term or geographic name as entry element Unani traetment
9 (RLIN) 126936
942 ## - ADDED ENTRY ELEMENTS (KOHA)
Source of classification or shelving scheme Dewey Decimal Classification
Koha item type Urdu Bks
Classification part 615.54
Call number suffix م ح م
Holdings
Withdrawn status Lost status Damaged status Not for loan Home library Current library Date acquired Source of acquisition Cost, normal purchase price Total Checkouts Full call number Barcode Date last seen Copy number Cost, replacement price Price effective from Koha item type
        Central Library Central Library 21/01/2016 Cen Lib/Ret 46.00   615.54 م ح م A-949250 21/01/2016 1 46.00 21/01/2016 Urdu Bks

© Delhi Public Library
Hit Counter
free hit counter